The PHYSICAL care of people with mental health problems: a guide for best practice

Enregistré dans:
Détails bibliographiques
Format: Livre
Langue:anglais
Publié: Sage 2013
Tags: Ajouter un tag
Pas de tags, Soyez le premier à ajouter un tag!

MARC

LEADER 00000nam a22000007a 4500
008 210121b ||||| |||| 00| 0 eng d
020 |a 978-0-85702-921-8 
245 |a The PHYSICAL care of people with mental health problems:   |b a guide for best practice  |c Eve Collins, Mandy Drake & Maureen Deacon 
250 |c Eve Collins, Mandy Drake & Maureen Deacon 
260 |b Sage  |c 2013  |h Los Angeles:   |i 692693  |i 692694  |l RC440 .P56  |m Psychiatric Nursing.  |m People with mental disabilities – Care.  |m Mental health services.  |m Nursing process. 
500 |a “It includes index and references”. 
942 |a lcc  |c BK  |e Adeniran, F. A  |f 21/01/2021 
952 |0 0  |1 0  |2 lcc  |4 0  |6 RC0440 P56  |7 0  |9 1401  |a HOL  |b HE  |c QZ  |d 2021-01-21  |l 0  |o RC440 .P56  |p 2021-0204  |r 2021-01-21 00:00:00  |w 2021-01-21  |y BK 
952 |0 0  |1 0  |2 lcc  |4 0  |6 RC0440 P56  |7 0  |9 1402  |a HOL  |b HOL  |c QZ  |d 2021-01-21  |l 0  |o RC440 .P56  |p 2021-0205  |r 2021-01-21 00:00:00  |w 2021-01-21  |y BK 
999 |c 731  |d 731